000 00457nam a22001817a 4500
003 NUST - PNEC
005 20170116181006.0
008 150912b xxu||||| |||| 00| 0 eng d
020 _a-
040 _cLIBRARY
082 _a604.240285686 RAK
100 _99812
_aRaker, Daniel
245 _aInside AutoCAD : the complete guide to AutoCAD
_cDaniel Raker
250 _a5th ed.
260 _cc.1989
650 _99815
_aAutoCAD
_xMS COM
942 _2ddc
_cBK
999 _c66887
_d66887